ბათუმის შოთა რუსთაველის სახელმწიფო უნივერსიტეტის ბიბლიოთეკა

ქირურგიული გასტროენტეროლოგია : (ბიბ.ჩანაწერი № 62371)

000 -ლიდერი
ფიქსირებული სიგრძის საკონტროლო ველი 01996nam a2200277 4500
003 - საკონტროლო ნომრის იდენტიფიკატორი
საკონტროლო ველი Ge_BSU
005 - ბოლო ოპერაციის თარიღი და დრო
საკონტროლო ველი 20241017150254.0
008 - ფიქსირებული სიგრძის მონაცემთა ელემენტები - ზოგადი ინფორმაცია
ფიქსირებული სიგრძის საკონტროლო ველი 241017s1989 ge ||||| |||| 00| 0 geo d
041 ## - ენის კოდი
Language code of text/sound track or separate title geo
080 ## - უნივერსალური ათობითი კლასიფიკაციის ინდექსი
Universal Decimal Classification number 616.33/.34-002-089(075.8) ა-99
100 ## - მთავარი ჩანაწერი - პიროვნების სახელი
Personal name ახმეტელი, თ.
9 (RLIN) 23428
245 ## - ცნობა სათაურის შესახებ
Title ქირურგიული გასტროენტეროლოგია :
Remainder of title [დამხმ. სახელმძღვ. სამედ. ინ-ტის სტუდენტებისათვის] /
Statement of responsibility, etc თ. ახმეტელი, გ. კაკოიშვილი, ლ. ძნელაძე.
264 ## - წარმოების, გამოცემის, დისტრიბუციის და სხვა ცნობები
გამოცემის, წარმოების, დისტრიბუციის... ადგილი თბილისი :
გამოცემის, წარმოების, დისტრიბუციის... სახელწოდება განათლება,
გამოცემის, წარმოების, დისტრიბუციის... თარიღი 1989.
300 ## - ფიზიკური აღწერა
Extent 350 გვ. ;
Other physical details 22 სმ.
653 ## - INDEX TERM--UNCONTROLLED
Uncontrolled term ქირურგიული გასტროენტეროლოგია
653 ## - INDEX TERM--UNCONTROLLED
Uncontrolled term კუჭის, თორმეტგოჯა, წვრილი და მსხვილი ნაწლავების დივერტიკული
653 ## - INDEX TERM--UNCONTROLLED
Uncontrolled term სისხლის მიმოქცევის მოშლასთან დაკავშირებული ნაწლავთა პათოლოგია
653 ## - INDEX TERM--UNCONTROLLED
Uncontrolled term მეზენტერიულ სისხლძარღვთა თრომბოზი და ემბოლია
653 ## - INDEX TERM--UNCONTROLLED
Uncontrolled term კუჭისა და ნაწლავების სიმსივნეები კუჭისა და თორმეტგოჯა ნაწლავის კეთილთვისებიანი სიმსივნეები
653 ## - INDEX TERM--UNCONTROLLED
Uncontrolled term მწვავე აპენდიციტი
653 ## - INDEX TERM--UNCONTROLLED
Uncontrolled term თორმეტგოჯა ნაწლავის კიბო
653 ## - INDEX TERM--UNCONTROLLED
Uncontrolled term ქირურგია.
700 ## - ADDED ENTRY--PERSONAL NAME
Personal name კაკოიშვილი, გ.
Relator term ავტორი
9 (RLIN) 23429
700 ## - ADDED ENTRY--PERSONAL NAME
Personal name ძნელაძე, ლ.
Relator term ავტორი
9 (RLIN) 23430
942 ## - ADDED ENTRY ELEMENTS (KOHA)
Source of classification or shelving scheme
Koha item type წიგნი
ეგზემპლარები
ჩამოწერის სტატუსი დაკარგული ეგზემპლარის სტატუსი კლასიფიკაციის წყარო ან თაროზე გაწყობის სქემა დაზიანების სტატუსი არ გაიცემა მუდმივი მდებარეობა (დაცვის ადგილი) ამჟამინდელი ადგილსამყოფელი თაროზე განთავსების ადგილი შეძენის თარიღი ღირებულება, შესყიდვის ნორმალური ფასი სრული შენახვის შიფრი შტრიხკოდი ბოლო ოპერაციის თარიღი ეგზემპლარის მიმდევრობითი ნომერი (კეტერი?) ფასის ძალაში შესვლის თარიღი ეგზემპლარის სახეობა საჯარო შენიშვნა
          ბათუმის შოთა რუსთაველის სახელმწიფო უნივერსიტეტის მთავარი ბიბლიოთეკა ბათუმის შოთა რუსთაველის სახელმწიფო უნივერსიტეტის მთავარი ბიბლიოთეკა წიგნსაცავი 2024-10-17 6.00 616.33/.34-002-089(075.8) ა-99 69374 2024-10-17 69374 2024-10-17 წიგნი 6 ლ.